Monte Carlo Method in Atmospheric Acoustics; Lecture Notes in Engineering and Computer Science; Vol. 2 : Proceedings of the International MultiConference of Engineers and Computer Scientists 2016. IMECS 2016, 16-18 March, 2016, Hong Kong

Podrobná bibliografie
Parent link:Lecture Notes in Engineering and Computer Science.— , 2016
Vol. 2 : Proceedings of the International MultiConference of Engineers and Computer Scientists 2016. IMECS 2016, 16-18 March, 2016, Hong Kong.— 2016.— [P. 962-967]
Korporativní autor: Национальный исследовательский Томский политехнический университет (ТПУ) Институт кибернетики (ИК) Кафедра вычислительной техники (ВТ)
Další autoři: Burkatovskaya Yu. B. Yuliya Borisovna, Belov V. V. Vladimir Vasiljevich, Krasnenko N. P. Nikolay Petrovich, Shamanaeva L. G. Lyudmila Grigorjevna, Khaustov P. A. Pavel Aleksandrovich
Shrnutí:Title screen
The Monte Carlo method is first used to estimate the contribution of multiple scattering to acoustic signals propagating along vertical and horizontal paths in the planestratified moving turbulent atmosphere. Contribution of multiple scattering to sodar return signals is also analyzed. Numerical estimates are obtained as functions of sodar parameters and atmospheric conditions.
Jazyk:angličtina
Vydáno: 2016
Témata:
On-line přístup:http://www.iaeng.org/publication/IMECS2016/IMECS2016_pp962-967.pdf
Médium: MixedMaterials Elektronický zdroj Kapitola
KOHA link:https://koha.lib.tpu.ru/cgi-bin/koha/opac-detail.pl?biblionumber=651006

MARC

LEADER 00000naa0a2200000 4500
001 651006
005 20250902164024.0
035 |a (RuTPU)RU\TPU\network\16255 
035 |a RU\TPU\network\1876 
090 |a 651006 
100 |a 20161028d2016 k||y0engy50 ba 
101 0 |a eng 
102 |a CN 
135 |a drcn ---uucaa 
181 0 |a i  
182 0 |a b 
200 1 |a Monte Carlo Method in Atmospheric Acoustics  |f Yu. B. Burkatovskaya [et al.] 
203 |a Text  |c electronic 
300 |a Title screen 
320 |a [References: p. 967 (13 tit.)] 
330 |a The Monte Carlo method is first used to estimate the contribution of multiple scattering to acoustic signals propagating along vertical and horizontal paths in the planestratified moving turbulent atmosphere. Contribution of multiple scattering to sodar return signals is also analyzed. Numerical estimates are obtained as functions of sodar parameters and atmospheric conditions. 
461 |t Lecture Notes in Engineering and Computer Science  |d 2016 
463 |t Vol. 2 : Proceedings of the International MultiConference of Engineers and Computer Scientists 2016. IMECS 2016, 16-18 March, 2016, Hong Kong  |v [P. 962-967]  |d 2016 
610 1 |a электронный ресурс 
610 1 |a труды учёных ТПУ 
610 1 |a метод Монте-Карло 
610 1 |a атмосферная акустика 
610 1 |a распространение 
610 1 |a акустические волны 
610 1 |a эхолотирование 
701 1 |a Burkatovskaya  |b Yu. B.  |c mathematician  |c associate Professor of Tomsk Polytechnic University, candidate of physico-mathematical Sciences  |f 1973-  |g Yuliya Borisovna  |3 (RuTPU)RU\TPU\pers\36259  |9 19335 
701 1 |a Belov  |b V. V.  |g Vladimir Vasiljevich 
701 1 |a Krasnenko  |b N. P.  |g Nikolay Petrovich 
701 1 |a Shamanaeva  |b L. G.  |g Lyudmila Grigorjevna 
701 1 |a Khaustov  |b P. A.  |c specialist in the field of informatics and computer technology  |c assistant of Tomsk Polytechnic University  |f 1990-  |g Pavel Aleksandrovich  |3 (RuTPU)RU\TPU\pers\36989 
712 0 2 |a Национальный исследовательский Томский политехнический университет (ТПУ)  |b Институт кибернетики (ИК)  |b Кафедра вычислительной техники (ВТ)  |3 (RuTPU)RU\TPU\col\18699 
801 1 |a RU  |b 63413507  |c 20141010 
801 2 |a RU  |b 63413507  |c 20161031  |g RCR 
856 4 |u http://www.iaeng.org/publication/IMECS2016/IMECS2016_pp962-967.pdf 
942 |c CF